Comercialización y análisis del mercado (Registro nro. 2904)
[ vista simple ]
| 000 -LEADER | |
|---|---|
| fixed length control field | 01793 a2200217 4500 |
| 001 - CONTROL NUMBER | |
| control field | 38583 |
| 005 - DATE AND TIME OF LATEST TRANSACTION | |
| control field | 20260407155648.0 |
| 008 - FIXED-LENGTH DATA ELEMENTS--GENERAL INFORMATION | |
| fixed length control field | 260407a1965 arg spa d |
| 003 - CONTROL NUMBER IDENTIFIER | |
| control field | AR-UNSa-BCEJYS |
| 040 ## - CATALOGING SOURCE | |
| Original cataloging agency | AR-UNSa-BCEJYS |
| Language of cataloging | spa |
| Transcribing agency | AR-UNSa-BCEJYS |
| 080 ## - UNIVERSAL DECIMAL CLASSIFICATION NUMBER | |
| Universal Decimal Classification number | 658.8.012.12 |
| Common auxiliary subdivision | Investigación de mercados |
| 100 1# - MAIN ENTRY--PERSONAL NAME | |
| Personal name | Brown, Lyndon O. |
| 245 10 - TITLE STATEMENT | |
| Title | Comercialización y análisis del mercado |
| 250 ## - EDITION STATEMENT | |
| Edition statement | 2a. ed. |
| 264 #1 - PRODUCTION, PUBLICATION, DISTRIBUTION, MANUFACTURE, AND COPYRIGHT NOTICE | |
| Place of production, publication, distribution, manufacture | Buenos Aires : |
| Name of producer, publisher, distributor, manufacturer | Selección Contable |
| Date of production, publication, distribution, manufacture, or copyright notice | 1965 |
| 300 ## - PHYSICAL DESCRIPTION | |
| Extent | xx, 524 p. |
| Dimensions | 24 cm. |
| 505 ## - FORMATTED CONTENTS NOTE | |
| Formatted contents note | 1. Alcance e importancia del análisis de mercado y distribución - 2. Organización de la investigación de mercados y distribución - 3. Tipos de investigación de mercado - 4. El método cientifico - 5. Métodos básicos de investigación de mercados - 6. El procesamiento de la investigación de mercados - 7. El análisis de la situación - 8. La investigación preliminar - 9. Planeando el proyecto de investigación formal - 10. Preparación de los formularios para la recolección de los datos - 11. Los principios del muestreo - 12. Planificación de la muestra para la investigación de mercado - 13. El plan final - 14. Recolección de los datos del mercado - 15. Tabulación y análisis - 16. Interpretación - 17. Presentación de los resultados y prosecución - 18. Investigaciones de motivaciones - 19. Investigaciones de operaciones - 20. La técnica de los jurados - 21. Método de análisis cuantitativo de mercados - 22. Investigación de la distribución - 23. Investigación e ventas - 24. Investigación publicitaria - 25. Investigación de productos - 26. Análisis de las tendencias del mercado - 27. Investigación de mercados industrial e institucional |
| 590 ## - LOCAL NOTE (RLIN) | |
| Local note | niveau_biblio:m niveau_hierar:0 |
| 700 1# - ADDED ENTRY--PERSONAL NAME | |
| Personal name | Bravo, Guillermo |
| 942 ## - ADDED ENTRY ELEMENTS (KOHA) | |
| Koha item type | |
| Withdrawn status | Lost status | Damaged status | Not for loan | Home library | Current library | Shelving location | Date acquired | Total checkouts | Full call number | Barcode | Date last seen | Price effective from | Koha item type |
|---|---|---|---|---|---|---|---|---|---|---|---|---|---|
| Biblioteca Prof. Eusebio Cleto del Rey | Biblioteca Prof. Eusebio Cleto del Rey | 07/04/2026 | 658.8.012.12 B877 | L21959 | 07/04/2026 | 07/04/2026 | Libro | ||||||
| Biblioteca Prof. Eusebio Cleto del Rey | Biblioteca Prof. Eusebio Cleto del Rey | 07/04/2026 | 658.8.012.12 B877 | L22400 | 07/04/2026 | 07/04/2026 | Libro |